Chuyện về lòng tham và sự đố kỵ
Những câu chuyện kể cho bé về lòng tham và sự đố kỵ
Đã lưu trong:
| Formáid: | Leabhar |
|---|---|
| Teanga: | Undetermined |
| Foilsithe: |
Hà Nội
Dân trí
2015
|
| Ábhair: | |
| Clibeanna: |
Cuir Clib Leis
Gan Chlibeanna, Bí ar an gcéad duine leis an taifead seo a chlibeáil!
|
| Thư viện lưu trữ: | Trung tâm Học liệu Trường Đại học Cần Thơ |
|---|
| LEADER | 00712nam a2200217Ia 4500 | ||
|---|---|---|---|
| 001 | CTU_202930 | ||
| 008 | 210402s9999 xx 000 0 und d | ||
| 020 | |c 39000 | ||
| 082 | |a 372.83 | ||
| 082 | |b Nh556 | ||
| 245 | 0 | |a Chuyện về lòng tham và sự đố kỵ | |
| 245 | 0 | |c Nguyễn Liên Hòa, Tuệ Văn (biên soạn) | |
| 260 | |a Hà Nội | ||
| 260 | |b Dân trí | ||
| 260 | |c 2015 | ||
| 520 | |a Những câu chuyện kể cho bé về lòng tham và sự đố kỵ | ||
| 650 | |a Đạo đức,Ethics | ||
| 650 | |x Dạy và học,Study and teaching | ||
| 904 | |i Nguyên | ||
| 910 | |a Khoa | ||
| 980 | |a Trung tâm Học liệu Trường Đại học Cần Thơ | ||